| 000 | 01381cam a2200301 4500 | ||
|---|---|---|---|
| 001 | ##E134600 | ||
| 002 | ##10140 | ||
| 008 | 060818n2007 000 0 eng u | ||
| 020 |
_a0415393787 _a9780415393782 |
||
| 022 | 1 | _a0306-3046 | |
| 035 | _a(Sirsi) u134600 | ||
| 041 | 0 | _aeng | |
| 050 | 0 | 4 | _a692.5 $2 18 |
| 110 | 2 |
_aDavis Langdon _94649 |
|
| 245 | 0 | 0 | _aSpon's architects' and builders' price book 2007 |
| 250 | _a132nd ed. | ||
| 260 |
_aAbingdon _bTaylor and Francis _c2007 |
||
| 300 |
_axxviii, 958p. _c25cm. |
||
| 350 | _a128.25 | ||
| 520 | _aThe latest edition of this detailed, professionally relevant source of construction price information. Two major changes have been made to this edition - a new section providing cost models for relevant key building types and a complete re-modelling of the approximate estimates section. Part one covers fees and daywork; part two provides rates of wages; part three deals with prices for measured works (major and minor); and part four covers approximate estimating. Tables and memoranda. | ||
| 520 | _aThere is a separate CD-ROM (E135053) for reference use in the Library. | ||
| 520 | _aSupersedes 2006 edition (ISBN 0415370302). | ||
| 520 | _aSuperseded by 2008 edition (ISBN 9780415424486). | ||
| 590 | _aIKA031006 | ||
| 651 | 4 |
_aUnited Kingdom _y |
|
| 690 | _aBUILT ENVIRONMENT-BUILDING COSTS | ||
| 942 | _n0 | ||
| 999 |
_c105739 _d105739 |
||